Normal view
MARC view
- Yunque, Alvaro,
Entry Nombre Personal
001 - NUMERO DE CONTROL
- campo de control: 30338
003 - IDENTIFICADOR DE NUMERO DE CONTROL
- campo de control: UPN
005 - FECHA Y HORA DE LA ÜLTIMA TRANSACCIÓN
- campo de control: 20210219194413.0
008 - DATOS DE LONGITUD FIJA
- campo de control de longitud fija: nabaccnnaabn|||||||||| b |nc|||||d
035 ## - NUMERO DE CONTROL
- Número de control: UPN11000002444
040 ## - FUENTE DE CATALOGACIÓN
- Lenguaje de catalogación: SPA
- Agencia de transcripción: UPN
100 1# - ENCABEZAMIENTO - NOMBRE PERSONAL
- Nombre personal: Yunque, Alvaro,
- Fechas asociadas con el nombre: 1889-1982
400 1# - VEÁSE - NOMBRE DE PERSONA
- Personal name: Gandolfi Herrero, Arístides,
- Dates associated with a name: 1889-1982
670 ## - FUENTE EN LA QUE SE LOCALIZARON DATOS
- Cita de la fuente: T
- Uniform Resource Identifier: http://www.antoniomiranda.com.br/iberoamerica/argentina/alvaro_yunque.html
902 ## - CATALOGADOR
- Catalogador: CAA/100910
